000 00628nam a22002177a 4500
003 BUBTL
008 221120b ||||| |||| 00| 0 eng d
020 _a9847002005043
082 _a820.84/ M642j/ 2016
100 _94950
_aMilton, John
245 _aAreopagitica/
_cJohn Milton
250 _a1st Edn.
260 _aDhaka:
_bFriends Book Corner,
_cc2016
300 _axl, 96 p.:
_c18 cm.
440 _94221
_aFriends' Classics
505 _aAreopagitica, John Milton, Friends' Classics
650 0 _91994
_aEnglish Literature
856 _k0
_l0
_yDownload
942 _2ddc
_cBK
999 _c6823
_d6823